[Event "Trois-Rivieres Mauricie op U2000"]
[Site "Trois Rivieres"]
[Date "2014.03.14"]
[Round "1"]
[White "Larkin, Kevin"]
[Black "Gervais, Guillaume"]
[Result "1-0"]
[WhiteElo "1745"]
[BlackElo "1443"]
[PlyCount "61"]
[EventDate "2014.03.14"]
[EventType "swiss"]
[EventRounds "5"]
[EventCountry "CAN"]
[SourceTitle "EXT 2022"]
[Source "ChessBase"]
[SourceDate "2021.10.06"]
[SourceVersion "1"]
[SourceVersionDate "2021.10.06"]
[SourceQuality "1"]

1. e4 c5 2. Nf3 d6 3. d4 cxd4 4. Nxd4 Nf6 5. Nc3 a6 6. Be2 e6 7. 0-0 Be7 8. Be3 0-0 9. f4 Nbd7 10. Qe1 Qc7 11. Bf3 Rb8 12. Rd1 Re8 13. Qg3 Bf8 14. e5 dxe5 15. fxe5 Nxe5 16. Kh1 Ra8 17. Bf4 Nfd7 18. Rfe1 Bd6 19. Ndb5 axb5 20. Nxb5 Qxc2 21. Nxd6 Nxf3 22. Nxe8 g5 23. gxf3 Kf8 24. Bd6+ Kg8 25. Qxg5+ Qg6 26. Qh4 Rxa2 27. Rg1 Rxb2 28. Rxg6+ fxg6 29. Qe7 Rxh2+ 30. Kxh2 h5 31. Qg7# 1-0